Statistics for All European Cup/UEFA Champions League Teams

Click here to take the quiz!

General Stats

  • This quiz has been taken 281 times
  • The average score is 99 of 346

Answer Stats

Answer% Correct
Chelsea
82%
Liverpool
82%
Manchester United
81%
Bayern Munich
80%
Paris Saint-Germain
80%
Aston Villa
79%
Borussia Dortmund
79%
FC Internazionale
79%
Juventus
79%
Olympique de Marseille
79%
AC Milan
78%
Arsenal
78%
Manchester City
78%
Olympique Lyonnais
78%
Tottenham Hotspur
78%
AFC Ajax
77%
AS Roma
77%
Nottingham Forest
77%
Real Madrid
76%
FC Barcelona
75%
FC Porto
75%
FK Austria Wien
74%
PSV Eindhoven
74%
Red Bull Salzburg
74%
RSC Anderlecht
74%
SL Benfica
74%
Sporting CP
74%
Feyenoord
72%
SK Rapid Wien
72%
Atlético Madrid
71%
Valencia CF
71%
Celtic FC
70%
GNK Dinamo Zagreb
70%
Rangers FC
70%
SS Lazio
70%
Zenit St. Petersburg
70%
AS Monaco
69%
Leeds United
69%
Bayer 04 Leverkusen
68%
Hamburger SV
68%
CSKA Moscow
67%
Everton
67%
FC Basel
67%
SSC Napoli
67%
Club Brugge
66%
FC Dynamo Kyiv
66%
Newcastle United
66%
Olympiacos
65%
ACF Fiorentina
64%
FC Girondins de Bordeaux
64%
FC Schalke 04
64%
Leicester City
64%
LOSC Lille
64%
AC Sparta Prague
63%
Sevilla FC
63%
SC Braga
62%
FC København
61%
APOEL Nicosia
60%
FC Nantes
60%
FK Red Star Belgrade
60%
Galatasaray SK
60%
KAA Gent
60%
KRC Genk
60%
Spartak Moscow
60%
VfL Wolfsburg
60%
AEK Athens
59%
Athletic Bilbao
59%
Borussia Mönchengladbach
59%
SV Werder Bremen
59%
HJK Helsinki
58%
AS Saint-Étienne
57%
Beşiktaş JK
57%
Panathinaikos
57%
UC Sampdoria
57%
SK Slavia Prague
56%
AZ Alkmaar
55%
Blackburn Rovers
55%
BSC Young Boys
55%
Aberdeen FC
54%
HNK Hajduk Split
53%
FC Astana
52%
FC BATE Borisov
52%
FC Shakhtar Donetsk
52%
FC Zürich
52%
Legia Warszawa
52%
Lokomotiv Moscow
52%
VfB Stuttgart
52%
1. FC Köln
51%
Fenerbahçe SK
51%
FK Qarabağ
51%
Udinese
51%
Deportivo de La Coruña
50%
OGC Nice
50%
Standard Liège
50%
CSKA Sofia
49%
Parma
49%
Rosenborg BK
49%
Stade de Reims
49%
HSC Montpellier
48%
KF Tirana
48%
Torino
48%
FC Twente
47%
Grasshopper
47%
Hertha BSC
47%
FK Partizan Belgrade
46%
NK Maribor
46%
Maccabi Tel Aviv
45%
Málaga CF
45%
SK Sturm Graz
45%
FC Dinamo Minsk
44%
Maccabi Haifa
44%
Real Sociedad
44%
Ferencvárosi TC
43%
PAOK Thessaloniki
43%
FC Steaua Bucharest
42%
AJ Auxerre
41%
PFK Ludogorets Razgrad
41%
Villarreal CF
41%
1. FC Kaiserslautern
40%
Eintracht Frankfurt
40%
FC Viktoria Plzeň
40%
Wolverhampton Wanderers
40%
FC Rubin Kazan
39%
IFK Göteborg
39%
RC Lens
38%
Boavista
37%
Bologna
37%
Celta de Vigo
37%
Derby County
37%
Heart of Midlothian
37%
Real Betis
37%
CFR Cluj
36%
Hapoel Tel Aviv
36%
Hellas Verona
36%
RB Leipzig
36%
Royal Antwerp
36%
Wisła Kraków
35%
Dundee United
34%
Brøndby IF
33%
FC Skonto Riga
33%
Lech Poznań
33%
Shamrock Rovers
33%
Trabzonspor
33%
Ipswich Town
32%
Levski Sofia
32%
Aalborg BK
30%
Cagliari
30%
FC Utrecht
30%
FK Žalgiris
30%
Molde FK
29%
RCD Mallorca
29%
AIK Solna
28%
FC Dnipro
28%
RC Strasbourg Alsace
28%
FC Ararat Yerevan
27%
SG Dynamo Dresden
27%
Anorthosis Famagusta
26%
ŠK Slovan Bratislava
26%
Burnley
24%
Bursaspor
24%
FC Dinamo Tbilisi
24%
1. FC Nürnberg
22%
AC Omonia Nicosia
22%
Bohemian FC
22%
Dundalk FC
22%
FC Rostov
22%
LASK Linz
22%
Willem II
22%
Aarhus GF
21%
FC Dinamo Bucharest
21%
Linfield FC
21%
Malmö FF
21%
Sparta Rotterdam
21%
Apollon Limassol
20%
Odense BK
20%
Valletta FC
20%
Beitar Jerusalem
19%
SC Heerenveen
19%
Budapest Honvéd
18%
FC Inter Turku
18%
FC Luzern
17%
FC Nordsjaelland
17%
FC Thun
17%
KV Mechelen
17%
Cork City
16%
FC Lausanne-Sport
16%
FC Zbrojovka Brno
16%
Hibernian FC
16%
Stade Dudelange
16%
AEL Limassol
15%
FK Dukla Prague
15%
Derry City
14%
Dundee FC
14%
NK Olimpija Ljubljana
14%
Servette FC
14%
Újpest
14%
FC Sion
13%
Hibernians FC
13%
Kilmarnock FC
13%
Lierse SK
13%
TSV 1860 Munich
13%
Vardar Skopje
13%
Viking FK
13%
FK Sarajevo
12%
Ilves Tampere
12%
1. FC Magdeburg
11%
FC Baník Ostrava
11%
FC Hansa Rostock
11%
FC Torpedo Moscow
11%
FK Partizani
11%
MŠK Žilina
11%
Eintracht Braunschweig
10%
FC VSS Košice
10%
Glentoran FC
10%
MTK Budapest
10%
Rapid Bucharest
10%
Rot-Weiss Essen
10%
ASC Oțelul Galați
9%
FK Zeljeznicar Sarajevo
9%
Śląsk Wrocław
9%
Debreceni VSC
8%
FK Vojvodina
8%
Sligo Rovers
8%
Widzew Łódź
8%
AE Larissa
7%
Crusaders FC
7%
Djurgårdens IF
7%
FC Carl Zeiss Jena
7%
FC Unirea Urziceni
7%
FC Universitatea Craiova
7%
FC Zorya Luhansk
7%
FK Dinamo Tirana
7%
Helsingborgs IF
7%
Limerick FC
7%
Lokomotiv Sofia
7%
Roda JC Kerkrade
7%
FC Flamurtari Vlorë
6%
Górnik Zabrze
6%
Győri ETO FC
6%
Valur Reykjavík
6%
Coleraine FC
5%
Esbjerg fB
5%
FC Reipas Lahti
5%
FK Lyn
5%
Jeunesse Esch
5%
ŁKS Łódź
5%
Neuchâtel Xamax
5%
PFC Botev Plovdiv
5%
Shelbourne
5%
St. Patricks Athletic
5%
Vålerenga
5%
Víkingur Reykjavík
5%
Waterford United
5%
Glenavon FC
4%
Lisburn Distillery
4%
Ruch Chorzów
4%
Berliner FC Dynamo
3%
FA Red Boys Differdange
3%
FC Haka
3%
FC Petržalka
3%
FK Inter Bratislava
3%
IFK Norrköping
3%
Keflavík ÍF
3%
KSK Beveren
3%
Östers IF
3%
Portadown FC
3%
Vasas SC
3%
Vejle Boldklub
3%
Zagłębie Lubin
3%
Ards FC
2%
Athlone Town
2%
CA Spora Luxembourg
2%
FC Aarau
2%
FC Bohemians Prague 1905
2%
FC Petrolul Ploiești
2%
Halmstads BK
2%
Hamrun Spartans
2%
ÍA Akranes
2%
IK Start
2%
KF Vllaznia
2%
KR Reykjavík
2%
Kuopion Palloseura
2%
Lillestrøm SK
2%
Lyngby BK
2%
PFC Beroe Stara Zagora
2%
Stal Mielec
2%
Strømsgodset IF
2%
1. FC Saarbrücken
1%
Åtvidabergs FF
1%
B1909 Odense
1%
Chemnitzer FC
1%
Cork Celtic
1%
DWS Amsterdam
1%
FC Argeș Pitești
1%
FC Erzgebirge Aue
1%
FC Hradec Králové
1%
FC Kuusysi
1%
FC La Chaux-de-Fonds
1%
FC Linz
1%
FC Progrès Niederkorn
1%
FC Spartak Plovdiv
1%
FC UTA Arad
1%
FC Wacker Innsbruck
1%
Floriana FC
1%
Helsingin Palloseura
1%
Hvidovre IF
1%
IFK Malmö
1%
KF Elbasani
1%
Köge BK
1%
MFK Vítkovice
1%
Olympiakos Nicosia
1%
Örgryte IS
1%
Oulun Palloseura
1%
Polonia Bytom
1%
Rabat Ajax
1%
Racing FC Union Luxembourg
1%
RWD Molenbeek
1%
SC Tavriya Simferopol
1%
SK Admira Wien
1%
Skeid
1%
Sliema Wanderers
1%
Szombierki Bytom
1%
Turun Palloseura
1%
Union Luxembourg
1%
Wiener Sport-Club
1%
1. FC Frankfurt
0%
Akademisk BK
0%
Boldklubben 1903
0%
Cork Hibernians
0%
Csepel SC
0%
Drumcondra FC
0%
EPA Larnaca
0%
FC Aris Bonnevoie
0%
FC Avenir Beggen
0%
FC Sachsen Leipzig
0%
FC Spartak Trvana
0%
Fram Reykjavík
0%
Fredrikstad FK
0%
Gwardia Warszawa
0%
ÍBV Vestmannaeyjar
0%
Kjøbenhavns BK
0%
Knattspyrnufélag Akureyrar
0%
Kokkolan Palloveikot
0%
Moss FK
0%
Pezoporikos Larnaca
0%
SFC Etar Veliko Tarnovo
0%

Score Distribution

Percentile by Number Answered

Percent of People with Each Score

Your Score History

You have not taken this quiz